000 00609nam a2200241 a 4500
001 0001-1085
003 ELIB.Books
008 150114 2010 eng
020 _a0842304436
035 _a(ELIB.Books)0001-1240
092 _aB
_bJoh
100 _aJohnson, A. Wetherell.
245 _aCreated for Commitment
260 _aWheaton
_bTyndale House Publishers, Inc.
_c1982
300 _a374
_c21 CM
500 _aC/o Moe Lwai
650 _aBiography
856 _nKBTS; Library
_uKBTS; Elib.
942 _2ddc
_cBK
990 _a1
998 _cbat
_e2015-01-14
999 _c11085
_d11085